000 00408cam a22001217a 4500
008 180718b1987 xxu||||| |||| 00| 0 eng d
082 _aA81x54 In2/81/22/Pt 8 A & B/1
100 _aCensus of India 1981
245 _aUttar Pradesh: household tables
260 _aDelhi
_bThe Controller of Publications
_c1987
300 _a1118+p.
440 _aCensus of India 1981. Series-22, Uttar Pradesh. Part VIII-A & B (i)
999 _c483417
_d483417